Financial markets and institutions/ (Record no. 660)
[ view plain ]
| 000 -LEADER | |
|---|---|
| fixed length control field | 00423nam a22001697a 4500 |
| 003 - CONTROL NUMBER IDENTIFIER | |
| control field | BD-DhUIB |
| 005 - DATE AND TIME OF LATEST TRANSACTION | |
| control field | 20251105191348.0 |
| 008 - FIXED-LENGTH DATA ELEMENTS--GENERAL INFORMATION | |
| fixed length control field | 251105b |||||||| |||| 00| 0 eng d |
| 040 ## - CATALOGING SOURCE | |
| Original cataloging agency | BD-DhUIB |
| Transcribing agency | BD-DhUIB |
| 050 ## - LIBRARY OF CONGRESS CALL NUMBER | |
| Classification number | 332.10954 |
| 082 ## - DEWEY DECIMAL CLASSIFICATION NUMBER | |
| Edition number | 22 |
| 100 ## - MAIN ENTRY--PERSONAL NAME | |
| Personal name | Mishkin, Frederic S. |
| 9 (RLIN) | 1082 |
| 245 ## - TITLE STATEMENT | |
| Title | Financial markets and institutions/ |
| Statement of responsibility, etc. | by Frederic S. Mishkin. |
| 250 ## - EDITION STATEMENT | |
| Edition statement | 8th ed. |
| 526 ## - STUDY PROGRAM INFORMATION NOTE | |
| Program name | BBA. |
| 942 ## - ADDED ENTRY ELEMENTS (KOHA) | |
| Source of classification or shelving scheme | Dewey Decimal Classification |
| Koha item type | Books |
| Withdrawn status | Lost status | Source of classification or shelving scheme | Damaged status | Not for loan | Collection code | Home library | Current library | Shelving location | Date acquired | Source of acquisition | Total Checkouts | Full call number | Barcode | Date due | Date last seen | Date last checked out | Copy number | Price effective from | Koha item type |
|---|---|---|---|---|---|---|---|---|---|---|---|---|---|---|---|---|---|---|---|
| Dewey Decimal Classification | Non-fiction | IBA Library | IBA Library | General Stacks | 11/06/2019 | Purchase | 1 | 332.10954 M678f | 00050786 | 11/19/2025 | 11/05/2025 | 11/05/2025 | C-1 | 11/05/2025 | Books | ||||
| Dewey Decimal Classification | Non-fiction | IBA Library | IBA Library | General Stacks | 11/06/2019 | Purchase | 1 | 332.10954 M678f | 00050788 | 11/19/2025 | 11/05/2025 | 11/05/2025 | C-2 | 11/05/2025 | Books |
